中国固定电话号码为八位数的城市 - Statistics

General Stats
  • This quiz has been taken 48 times
  • The average score is 77 of 87
Answer Stats
Hint Answer % Correct
直辖市 北京
100%
直辖市 天津
100%
直辖市 上海
100%
直辖市 重庆
100%
特别行政区 香港
100%
特别行政区 澳门
100%
河北 石家庄
100%
辽宁 沈阳
100%
辽宁 大连
100%
吉林 吉林
100%
黑龙江 哈尔滨
100%
江苏 南京
100%
江苏 无锡
100%
江苏 苏州
100%
浙江 杭州
100%
浙江 温州
100%
河南 郑州
100%
河南 洛阳
100%
湖北 武汉
100%
广东 广州
100%
广东 深圳
100%
广东 佛山
100%
广东 东莞
100%
海南 海口
100%
四川 成都
100%
云南 昆明
100%
陕西 西安
100%
台湾 台北
100%
吉林 长春
97%
江苏 徐州
97%
江苏 常州
97%
江苏 南通
97%
江苏 扬州
97%
江西 南昌
97%
山东 济南
97%
湖南 长沙
97%
海南 三亚
97%
贵州 贵阳
97%
江苏 连云港
95%
江苏 盐城
95%
江苏 镇江
95%
江苏 泰州
95%
江苏 宿迁
95%
浙江 宁波
95%
浙江 绍兴
95%
浙江 台州
95%
安徽 合肥
95%
福建 福州
95%
山东 青岛
95%
河南 开封
95%
湖南 株洲
95%
江苏 淮安
92%
浙江 嘉兴
92%
浙江 金华
92%
福建 泉州
92%
陕西 咸阳
92%
广东 中山
90%
台湾 新北
90%
贵州 遵义
87%
辽宁 抚顺
85%
河南 南阳
85%
湖南 湘潭
85%
广东 汕头
85%
海南 五指山
85%
海南 东方
85%
台湾 台中
85%
辽宁 铁岭
82%
辽宁 本溪
79%
海南 儋州
79%
海南 琼海
79%
海南 文昌
79%
台湾 基隆
77%
贵州 安顺
74%
海南 琼中
72%
海南 三沙
69%
海南 万宁
67%
海南 陵水
62%
海南 澄迈
59%
海南 临高
56%
海南 乐东
56%
海南 定安
54%
海南 白沙
54%
四川 眉山
54%
海南 昌江
51%
海南 保亭
51%
四川 资阳
51%
海南 屯昌
49%
No matching quizzes found
Score Distribution
Percent of People with Each Score
Percentile by Number Answered
Your Score History
You have not taken this quiz